| 000 | 02308cam a2200397 a 4500 | ||
|---|---|---|---|
| 001 | 51558 | ||
| 003 | BJBSDDR | ||
| 005 | 20241101102309.0 | ||
| 006 | a|||||r|||| 00| 0 | ||
| 007 | ta | ||
| 008 | 040512s2004 cu b 000 0dspa | ||
| 010 | _a 2004437058 | ||
| 020 | _a9597135272 | ||
| 020 | _a9789597135272 | ||
| 029 | 1 |
_aNLGGC _b285382802 |
|
| 035 | _a(OCoLC)ocm55677613 | ||
| 035 | _a(OCoLC)55677613 | ||
| 040 |
_aDLC _cDLC _dUBY _bspa |
||
| 041 | _aspa | ||
| 043 | _anwcu--- | ||
| 050 | 1 | 4 |
_a107 F 1787 _bG913i 2004 |
| 100 | 1 |
_aGuanche Zaldívar, Julio César, _d1974- _938661 |
|
| 245 | 1 | 3 |
_aLa imaginación contra la norma : _bocho enfoques sobre la República de 1902 / _cJulio César Guanche ; prólogo de Aurelio Alonso. |
| 260 |
_aLa Habana : _bEdiciones La Memoria : _bCentro Cultural Pablo de la Torrriente Brau, _c2004. |
||
| 300 |
_a174 páginas ; _c22 cm. |
||
| 504 | _aIncluye referencias bibliográficas. | ||
| 505 | 0 | _aLa Constituyente de 1940 es una lección de madurez nacional : el período 1935-1940 en la historia de Cuba : entrevista con Berta Alvarez Martens -- La continuidad de la cultura cubana : nacionalismo, literatura y vanguardia : entrevista con Ricardo Luis Hernández Otero -- El amor lo salva todo : memoria y vivencia de la Universidad de La Habana : entrevista con Delio Carreras Cuevas -- Rubén limpio de polvo y paja : la política y el intelectual en Cuba : entrevista con Fernando Martínez Heredia -- La institucionalidad republicana : estado, nación y democracia : entrevista con Julio A. Carreras -- El negro espacio del negro : raza y nación en Cuba : entrevista con Tomás Fernández Robaina -- La República al contado : las seis primeras décadas de economía republicana : entrevista con Oscar Zanetti -- La imaginación contra la norma : rediscubrimiento fantasioso, quién sabe si verdadero, de Pablo de la Torriente : entrevista con Juan Orlando Pérez. | |
| 586 | _aPremio "Memoria 2001" | ||
| 650 | 0 |
_aHistorians _zCuba _vInterviews. |
|
| 651 | 0 |
_aCuba _xHistory _y20th century. |
|
| 651 | 4 |
_aCuba _xCivilización _915638 |
|
| 651 | 4 |
_aCuba _xHistoria _ySiglo XX _98751 |
|
| 700 | 1 |
_aAlonso, Aurelio, _d1939- _939327 _eprologuista |
|
| 710 | 2 |
_aCentro Cultural Pablo de la Torriente Brau (La Habana) _939328 |
|
| 942 |
_2lcc _cBK |
||
| 999 |
_c9394 _d9394 |
||